000 00770nam a2200253Ia 4500
003 OSt
005 20221005081757.0
006 a|||||r|||| 00| 0
007 ta
008 221004b |||||||| |||| 00| 0 eng d
020 _c200
024 _a95909
037 _b572, 30/01/2009, Eastern Book Linkers
_cTextual
040 _aCRL
_cCRL
_beng
041 _2eng
_aeng
082 _aLB:4:6, P8
100 _aKulkarni Achala Bhimsen
_9558120
245 0 _aRoga-marga
_b An uniquie approach to Ayurvedic practice
260 _aNew Delhi
_bSagar Publications India
_c2008
300 _axv,202p.
_ccm.
650 _aMEDICINE
942 _hLB:4:6, P8
_cTEXL
_2cc
999 _c988221
_d988221